[Event "4th Int. Chess Festival ad Gredine Open "]
[Site "Ortisei - St. Ulrich"]
[Date "2018.06.16"]
[Round "1"]
[White "Saric, Ivan"]
[Black "Zenari, Marco"]
[Result "1-0"]
[WhiteElo "2685"]
[BlackElo "2177"]
[PlyCount "97"]
[EventDate "2018.06.16"]

1. e4 c5 2. Nf3 d6 3. d4 cxd4 4. Nxd4 Nf6 5. Nc3 g6 6. Be3 Bg7 7. f3 O-O 8. Qd2
Nc6 9. O-O-O d5 10. exd5 Nxd5 11. Nxc6 bxc6 12. Bd4 e5 13. Bc5 Be6 14. Ne4 Re8
15. h4 h6 16. g4 Qc7 17. g5 h5 18. Rh2 Red8 19. Qe1 Nf4 20. Rhd2 Rd5 21. c4
Rxd2 22. Qxd2 Qb7 23. Qa5 Kh7 24. Bd6 Qb6 25. Qxb6 axb6 26. a3 Bf5 27. Nf6+
Bxf6 28. gxf6 Re8 29. c5 b5 30. Re1 Nd3+ 31. Bxd3 Bxd3 32. Be7 Ra8 33. Re3 Bf5
34. Bd6 Ra4 35. b4 e4 36. fxe4 Be6 37. Bf4 Bc4 38. Rc3 Ra7 39. Kd2 Rd7+ 40. Bd6
Bf1 41. e5 Bg2 42. a4 bxa4 43. b5 cxb5 44. c6 Rd8 45. c7 Rc8 46. e6 Bd5 47. e7
Be6 48. Rd3 Bd7 49. Be5 1-0

[Event "4th Int. Chess Festival ad Gredine Open "]
[Site "Ortisei - St. Ulrich"]
[Date "2018.06.16"]
[Round "1"]
[White "Deur Saric, Zrinka"]
[Black "Vocaturo, Daniele"]
[Result "0-1"]
[WhiteElo "2175"]
[BlackElo "2608"]
[PlyCount "96"]
[EventDate "2018.06.16"]

1. e4 e5 2. Nf3 Nc6 3. Bb5 a6 4. Ba4 Nf6 5. d3 d6 6. c3 Bd7 7. Nbd2 g6 8. Nf1
Bg7 9. Ne3 O-O 10. O-O Re8 11. Bd2 b5 12. Bc2 Qc8 13. a4 Qb7 14. axb5 axb5 15.
b4 Nd8 16. Rxa8 Qxa8 17. Qa1 Ne6 18. Qb2 Nf4 19. Ra1 Qc8 20. g3 Nh3+ 21. Kg2
Bc6 22. Qa2 Nf4+ 23. Kg1 Nh3+ 24. Kg2 Qd7 25. Bb3 Rf8 26. Qb2 Nf4+ 27. Kg1 Qh3
28. Ng5 Ne2+ 29. Kh1 Qh5 30. Be1 Bh6 31. Ra2 Nxg3+ 32. fxg3 Bxg5 33. Qf2 Qh3
34. Qf3 Kg7 35. Ra6 Bxe3 36. Rxc6 Bb6 37. c4 Ra8 38. Qg2 Qh6 39. Qe2 Ra1 40.
cxb5 Ng4 41. Rc2 Bf2 42. Qxg4 Rxe1+ 43. Kg2 Rg1+ 44. Kxf2 Qxh2+ 45. Kf3 Rf1+
46. Ke3 Qg1+ 47. Kd2 Rf2+ 48. Kc3 Qa1+ 0-1

[Event "4th Int. Chess Festival ad Gredine Open "]
[Site "Ortisei - St. Ulrich"]
[Date "2018.06.16"]
[Round "1"]
[White "Santos Latasa, Jaime"]
[Black "Wenner, Tobias"]
[Result "1-0"]
[WhiteElo "2567"]
[BlackElo "2161"]
[PlyCount "51"]
[EventDate "2018.06.16"]

1. d4 Nf6 2. Nf3 g6 3. g3 Bg7 4. Bg2 O-O 5. O-O d6 6. b3 Nc6 7. Bb2 e5 8. dxe5
Ng4 9. c4 Ngxe5 10. Nxe5 Nxe5 11. Nc3 Rb8 12. Qd2 Be6 13. Rad1 Nc6 14. h3 Qe7
15. Nd5 Bxd5 16. cxd5 Bxb2 17. dxc6 Ba3 18. cxb7 Bc5 19. b4 Bb6 20. a4 a6 21.
a5 Ba7 22. Qd3 Rbe8 23. Qxa6 Bb8 24. e3 Qf6 25. Qa8 Qc3 26. a6 1-0

[Event "4th Int. Chess Festival ad Gredine Open "]
[Site "Ortisei - St. Ulrich"]
[Date "2018.06.16"]
[Round "1"]
[White "Bosbach, Gerhard"]
[Black "Tarlev, Konstantin"]
[Result "0-1"]
[WhiteElo "2161"]
[BlackElo "2552"]
[PlyCount "64"]
[EventDate "2018.06.16"]

1. d4 Nf6 2. c4 e6 3. Nc3 Bb4 4. Qc2 c5 5. Nf3 cxd4 6. Nxd4 Qb6 7. e3 Nc6 8. a3
Be7 9. Nf3 d5 10. Be2 O-O 11. O-O dxc4 12. Bxc4 Bd7 13. e4 Rac8 14. Be3 Qc7 15.
Qd2 Rfd8 16. Ba2 Be8 17. Qc1 Ng4 18. Bf4 Bd6 19. Bxd6 Qxd6 20. Qg5 Nge5 21.
Nxe5 Nxe5 22. Rad1 Qc7 23. h3 Nd3 24. Rd2 h6 25. Qg4 Nxb2 26. Rxb2 Qxc3 27.
Rxb7 Qxa3 28. Bxe6 Rc1 29. Rxc1 Qxc1+ 30. Kh2 Qc6 31. Bxf7+ Bxf7 32. Rxa7 Qb6
0-1

[Event "4th Int. Chess Festival ad Gredine Open "]
[Site "Ortisei - St. Ulrich"]
[Date "2018.06.16"]
[Round "1"]
[White "Moroni, Luca Jr"]
[Black "Gramb, Marius"]
[Result "1-0"]
[WhiteElo "2549"]
[BlackElo "2155"]
[PlyCount "57"]
[EventDate "2018.06.16"]

1. d4 Nf6 2. Bf4 d5 3. e3 c5 4. dxc5 Nc6 5. Bb5 a5 6. c3 e6 7. b4 Bd7 8. Qb3
Nh5 9. Ne2 Nxf4 10. Nxf4 g5 11. Nh5 f5 12. Nd2 Rg8 13. Rd1 Kf7 14. Nf3 Kg6 15.
Ng3 Bg7 16. a4 h5 17. h4 g4 18. Nd4 Qe8 19. Nde2 Be5 20. Nf4+ Bxf4 21. exf4 Ne7
22. c4 axb4 23. Qxb4 Bc6 24. O-O Qc8 25. Rfe1 Rd8 26. Qc3 Ng8 27. cxd5 Bxd5 28.
Nxh5 Kxh5 29. Qg7 1-0

[Event "4th Int. Chess Festival ad Gredine Open "]
[Site "Ortisei - St. Ulrich"]
[Date "2018.06.16"]
[Round "1"]
[White "Voltolini, Giuseppe"]
[Black "Praggnanandhaa, R."]
[Result "0-1"]
[WhiteElo "2150"]
[BlackElo "2529"]
[PlyCount "104"]
[EventDate "2018.06.16"]

1. d4 Nf6 2. c4 Nc6 3. Nf3 e6 4. g3 d5 5. Bg2 g6 6. O-O Bg7 7. b3 O-O 8. Bb2
Ne7 9. Nbd2 Ne4 10. Qc2 f5 11. Rac1 c6 12. Rcd1 Bh6 13. Bc1 Nd6 14. Ne5 Bg7 15.
c5 Ne4 16. f3 Nf6 17. b4 a5 18. a3 b6 19. Nb1 axb4 20. axb4 Ba6 21. Nc3 bxc5
22. bxc5 Nd7 23. f4 Nxe5 24. fxe5 Bc4 25. Bd2 h6 26. Ra1 g5 27. Bh3 Qe8 28.
Rxa8 Qxa8 29. Rb1 Rb8 30. e3 h5 31. Bf1 Bh6 32. Rxb8+ Qxb8 33. Kf2 Kg7 34. Be2
g4 35. Qb1 Qa8 36. Qb2 h4 37. Bd1 hxg3+ 38. hxg3 Qh8 39. Bc1 Bg5 40. Kg1 Qh6
41. Qf2 Bd3 42. Be2 Bc2 43. Bf1 Be4 44. Bg2 Ng6 45. Na2 Bxg2 46. Kxg2 Qh3+ 47.
Kg1 Bh4 48. Nb4 Bxg3 49. Qg2 Ne7 50. Qxh3 gxh3 51. Nd3 Kg6 52. Nf2 h2+ 0-1

[Event "4th Int. Chess Festival ad Gredine Open "]
[Site "Ortisei - St. Ulrich"]
[Date "2018.06.16"]
[Round "1"]
[White "Wecker, Martin"]
[Black "Pruijssers, Roeland"]
[Result "1/2-1/2"]
[WhiteElo "2143"]
[BlackElo "2514"]
[PlyCount "82"]
[EventDate "2018.06.16"]

1. Nf3 g6 2. c4 f5 3. g3 Bg7 4. d4 Nf6 5. Bg2 O-O 6. O-O d6 7. Nc3 Qe8 8. Nd5
Nxd5 9. cxd5 Nd7 10. Ng5 Nf6 11. Qb3 h6 12. Ne6 Bxe6 13. dxe6 Rb8 14. Be3 c6
15. d5 Nxd5 16. Bxd5 cxd5 17. Qxd5 Qc6 18. Qd2 Qe4 19. Bxh6 Bxh6 20. Qxh6 Qxe6
21. Rac1 Rf7 22. b3 b5 23. Rc7 a5 24. Rfc1 f4 25. Qg5 fxg3 26. hxg3 Rh7 27. Rd1
Kh8 28. Rd4 Rf8 29. Rh4 Rff7 30. Rxh7+ Rxh7 31. Qxb5 Rf7 32. Rc4 Kg7 33. Rh4
Qf6 34. Qb6 Qe5 35. Qd8 Rf8 36. Rh7+ Kxh7 37. Qxf8 Qxe2 38. Qf7+ Kh6 39. Qf8+
Kh7 40. Qf7+ Kh6 41. Qf8+ Kh7 1/2-1/2

[Event "4th Int. Chess Festival ad Gredine Open "]
[Site "Ortisei - St. Ulrich"]
[Date "2018.06.16"]
[Round "1"]
[White "Kindermann, Stefan"]
[Black "Behling, Robert"]
[Result "1-0"]
[WhiteElo "2506"]
[BlackElo "2128"]
[PlyCount "81"]
[EventDate "2018.06.16"]

1. e4 d6 2. d4 Nf6 3. Nc3 g6 4. Be3 Bg7 5. Qd2 Ng4 6. Bg5 h6 7. Bh4 c6 8. Nf3
Qa5 9. Bd3 Nf6 10. O-O g5 11. Bg3 Nh5 12. Qe3 e5 13. dxe5 dxe5 14. Nd2 O-O 15.
Nc4 Qc7 16. Qf3 Nf4 17. Ne3 Nd7 18. Nf5 Nc5 19. Nxg7 Kxg7 20. Rfd1 a5 21. Bf1
Be6 22. Qe3 b6 23. f3 Rfd8 24. Bf2 Rxd1 25. Rxd1 Rd8 26. Qe1 Nb7 27. a3 b5 28.
Rxd8 Qxd8 29. Nd1 Ng6 30. Ne3 Qd7 31. c4 f6 32. cxb5 cxb5 33. Qe2 b4 34. axb4
axb4 35. Qa6 Ne7 36. Qb6 b3 37. Bb5 Qc8 38. Ba6 Qc1+ 39. Nf1 Bc4 40. Bxc4 Qxc4
41. Qxb7 1-0

[Event "4th Int. Chess Festival ad Gredine Open "]
[Site "Ortisei - St. Ulrich"]
[Date "2018.06.16"]
[Round "1"]
[White "Panjkovic, Aleksandar"]
[Black "Gholami, Aryan"]
[Result "0-1"]
[WhiteElo "2126"]
[BlackElo "2490"]
[PlyCount "88"]
[EventDate "2018.06.16"]

1. Nf3 g6 2. d3 Bg7 3. e4 c5 4. c3 d5 5. Be2 Nc6 6. O-O e5 7. a3 Nf6 8. Nbd2
O-O 9. b4 Qe7 10. Re1 Rd8 11. Qc2 b6 12. Bf1 d4 13. cxd4 Nxd4 14. Nxd4 cxd4 15.
Nb3 Bd7 16. Bd2 Ba4 17. Qb2 Ne8 18. Be2 Nd6 19. Bd1 Rac8 20. Nc1 Qd7 21. Bb3
Qb5 22. Na2 Qxd3 23. Bxa4 Nc4 24. Qb3 Qxd2 25. Bb5 Nd6 26. Re2 Qf4 27. Bd3 b5
28. a4 a6 29. Rae1 Bh6 30. Rc2 Rxc2 31. Bxc2 Rc8 32. Re2 bxa4 33. Qd5 Nb5 34.
Qb7 Rc7 35. Qb8+ Kg7 36. g3 Qf3 37. Bd1 Qd3 38. Bxa4 Qxe2 39. Bxb5 axb5 40.
Qxc7 Qxa2 41. Qxe5+ Kg8 42. Qxd4 Qc4 43. Qd6 Bf8 44. Qd7 Qxb4 0-1

[Event "4th Int. Chess Festival ad Gredine Open "]
[Site "Ortisei - St. Ulrich"]
[Date "2018.06.16"]
[Round "1"]
[White "Tan, Justin"]
[Black "Colombo, Roberto"]
[Result "1-0"]
[WhiteElo "2484"]
[BlackElo "2125"]
[PlyCount "55"]
[EventDate "2018.06.16"]

1. e4 c5 2. Nf3 Nc6 3. Bb5 Nf6 4. Bxc6 dxc6 5. d3 Bg4 6. h3 Bh5 7. Bf4 e6 8.
Nbd2 Be7 9. Qe2 O-O 10. g4 Bg6 11. O-O-O Qa5 12. Kb1 b5 13. Ne5 Rac8 14. h4 h5
15. g5 Nh7 16. Nd7 Rfd8 17. Nb3 Qa6 18. Ndxc5 Bxc5 19. Nxc5 Qb6 20. Be3 Qc7 21.
f4 Nf8 22. Rdf1 Re8 23. Qf2 Nd7 24. f5 exf5 25. exf5 Bh7 26. Bf4 Qd8 27. Nb7
Qe7 28. Nd6 1-0

[Event "4th Int. Chess Festival ad Gredine Open "]
[Site "Ortisei - St. Ulrich"]
[Date "2018.06.16"]
[Round "1"]
[White "Uhl, Michael"]
[Black "Jaracz, Pawel"]
[Result "0-1"]
[WhiteElo "2116"]
[BlackElo "2467"]
[PlyCount "90"]
[EventDate "2018.06.16"]

1. e4 c5 2. c3 Nf6 3. e5 Nd5 4. d4 cxd4 5. Nf3 e6 6. cxd4 d6 7. a3 Bd7 8. Bd3
Bc6 9. O-O Nd7 10. Qe2 dxe5 11. dxe5 Qc7 12. Bd2 g6 13. Nc3 Nxc3 14. Bxc3 Bg7
15. Rfe1 O-O 16. Rac1 Rac8 17. Bb4 Rfd8 18. Bd6 Qb6 19. Rb1 Bf8 20. Bxf8 Nxf8
21. Red1 Bxf3 22. Qxf3 Rd5 23. Be4 Rxd1+ 24. Qxd1 Rd8 25. Qe2 Rd4 26. Kf1 Nd7
27. f4 Nc5 28. Bf3 Rxf4 29. Qe3 Rc4 30. b4 Nd7 31. Qxb6 axb6 32. Bxb7 Nxe5 33.
Rd1 Rc7 34. Ba6 Ra7 35. b5 Rd7 36. Rc1 Rd3 37. Rc8+ Kg7 38. Rb8 Nc4 39. Rc8
Ne3+ 40. Kf2 Rxa3 41. Rb8 Nc4 42. Bb7 Kf6 43. Bc6 Ra7 44. Ke2 Rc7 45. Kd1 Ke5
0-1

[Event "4th Int. Chess Festival ad Gredine Open "]
[Site "Ortisei - St. Ulrich"]
[Date "2018.06.16"]
[Round "1"]
[White "Sonis, Francesco"]
[Black "Riebel, Werner"]
[Result "1-0"]
[WhiteElo "2448"]
[BlackElo "2113"]
[PlyCount "83"]
[EventDate "2018.06.16"]

1. Nf3 d5 2. c4 d4 3. g3 Nf6 4. Bg2 c6 5. O-O Bg4 6. Qb3 Bxf3 7. exf3 Qd7 8. d3
a5 9. Nd2 Na6 10. Re1 e6 11. f4 g6 12. Nf3 Nc5 13. Qc2 Be7 14. b3 Na6 15. Bb2
Bc5 16. a3 O-O 17. Qd2 Qd6 18. Re5 Rfe8 19. Qxa5 Nd7 20. Qd2 Nxe5 21. fxe5 Qd7
22. b4 Bb6 23. Qf4 c5 24. b5 Nb8 25. Ng5 Bd8 26. Bc1 Bxg5 27. Qxg5 Qe7 28. Qxe7
Rxe7 29. Bg5 Rd7 30. a4 Ra5 31. Bd2 Ra7 32. a5 Kg7 33. Bg5 h6 34. Bf6+ Kf8 35.
h4 Ra8 36. Kh2 Ke8 37. h5 gxh5 38. Kh3 Rc7 39. Bf3 Nd7 40. b6 Rcc8 41. Bxb7
Nxb6 42. axb6 1-0

[Event "4th Int. Chess Festival ad Gredine Open "]
[Site "Ortisei - St. Ulrich"]
[Date "2018.06.16"]
[Round "1"]
[White "Kornitzky, Tino"]
[Black "Solomon, Kenny"]
[Result "0-1"]
[WhiteElo "2112"]
[BlackElo "2419"]
[PlyCount "138"]
[EventDate "2018.06.16"]

1. d4 Nf6 2. c4 e6 3. g3 d5 4. Bg2 Bb4+ 5. Bd2 Be7 6. Nf3 O-O 7. O-O c6 8. Qc2
Nbd7 9. Rd1 b6 10. b3 Ba6 11. a4 Qc8 12. a5 Re8 13. Bf4 c5 14. cxd5 Nxd5 15.
Bg5 Bf8 16. Qb2 h6 17. Bc1 bxa5 18. Rxa5 c4 19. bxc4 Rb8 20. Qa1 Bxc4 21. Ba3
Bxa3 22. Rxa3 Bxe2 23. Re1 Bxf3 24. Bxf3 N7f6 25. Rxa7 Qc2 26. Ra2 Qd3 27. Ra3
Qc2 28. Ra2 Qf5 29. Nd2 Rec8 30. Rc1 Qd3 31. Rxc8+ Rxc8 32. Kg2 g5 33. h3 Kg7
34. Qb2 Rc3 35. Bxd5 Nxd5 36. Qb8 Qe2 37. Qe5+ Qxe5 38. dxe5 Nb4 39. Ra4 Nd3
40. Ra5 Rc2 41. Ne4 Re2 42. Kf3 Re1 43. Rb5 Kg6 44. g4 Kg7 45. Ra5 Rh1 46. Kg2
Rb1 47. Kf3 Rb3 48. Nd2 Rb2 49. Ne4 Nf4 50. Kg3 Rb3+ 51. f3 Rb2 52. Nf2 Ne2+
53. Kg2 Nf4+ 54. Kg3 Rc2 55. Rb5 Ra2 56. Rb1 Re2 57. Rb5 Kg6 58. Ra5 Re1 59.
Kh2 Re2 60. Kg3 Rb2 61. Ra1 Kg7 62. Ra5 Rd2 63. Ra1 Re2 64. Ra7 Ng6 65. Ne4 Nh4
66. Nf2 Re3 67. Ra2 Rxf3+ 68. Kh2 Re3 69. Rb2 Nf3+ 0-1

[Event "4th Int. Chess Festival ad Gredine Open "]
[Site "Ortisei - St. Ulrich"]
[Date "2018.06.16"]
[Round "1"]
[White "Bertagnolli, Alexander"]
[Black "Hoffmann, Sebastian"]
[Result "0-1"]
[WhiteElo "2398"]
[BlackElo "2105"]
[PlyCount "104"]
[EventDate "2018.06.16"]

1. d4 d5 2. Bg5 Nf6 3. Bxf6 exf6 4. e3 Bd6 5. c4 dxc4 6. Bxc4 O-O 7. Nc3 f5 8.
h4 a6 9. Qf3 c5 10. Nge2 Ra7 11. dxc5 Bxc5 12. Rd1 Qf6 13. Nf4 Nc6 14. Nh5 Qh6
15. Nf4 Bb4 16. Bb3 b5 17. Nfd5 Ne5 18. Qf4 Bxc3+ 19. bxc3 Qxf4 20. exf4 Nc6
21. Ne3 Na5 22. Rd6 Rd7 23. Nxf5 Nxb3 24. axb3 Re8+ 25. Kf1 Rxd6 26. Nxd6 Rd8
27. Nxc8 Rd1+ 28. Ke2 Rxh1 29. c4 bxc4 30. bxc4 Rxh4 31. c5 Kf8 32. Ke3 Ke8 33.
Nd6+ Kd7 34. Nxf7 Kc6 35. Nd8+ Kxc5 36. Ne6+ Kc6 37. g3 Rg4 38. Ke4 a5 39. Kd4
Rg6 40. Nc5 Rd6+ 41. Kc4 Rd2 42. Ne6 g6 43. f3 Rd7 44. g4 h5 45. f5 h4 46. fxg6
h3 47. Nd4+ Kb6 48. Nf5 h2 49. Ng3 Rg7 50. g5 Rxg6 51. f4 Kc6 52. Kd4 Rg8 0-1

[Event "4th Int. Chess Festival ad Gredine Open "]
[Site "Ortisei - St. Ulrich"]
[Date "2018.06.16"]
[Round "1"]
[White "Herzog, Adolf"]
[Black "Kumar, Naman"]
[Result "1-0"]
[WhiteElo "2344"]
[BlackElo "2100"]
[PlyCount "41"]
[EventDate "2018.06.16"]

1. d4 Nf6 2. Nf3 e6 3. Bf4 b6 4. Nbd2 Bb7 5. e3 d5 6. c3 Bd6 7. Ne5 O-O 8. Bd3
c5 9. Qf3 Nc6 10. Qg3 Bxe5 11. dxe5 Nh5 12. Bxh7+ Kxh7 13. Qh3 g6 14. g4 Kg7
15. gxh5 d4 16. Bh6+ Kg8 17. hxg6 Nxe5 18. Bg5 fxg6 19. Qxe6+ Rf7 20. Bxd8 Bxh1
21. Qxe5 1-0

[Event "4th Int. Chess Festival ad Gredine Open "]
[Site "Ortisei - St. Ulrich"]
[Date "2018.06.16"]
[Round "1"]
[White "Hecht, Hans-Joachim"]
[Black "Karl, Hans"]
[Result "1-0"]
[WhiteElo "2327"]
[BlackElo "2078"]
[PlyCount "89"]
[EventDate "2018.06.16"]

1. d4 Nf6 2. c4 g6 3. Nc3 Bg7 4. e4 d6 5. Nf3 O-O 6. Be2 e5 7. O-O Nbd7 8. Re1
c6 9. Bf1 Qc7 10. Rb1 a5 11. a3 Re8 12. d5 c5 13. Bd2 Nf8 14. b4 axb4 15. axb4
N8d7 16. Nb5 Qb8 17. Bd3 Bf8 18. Ra1 Rxa1 19. Qxa1 cxb4 20. Bxb4 Nc5 21. Bxc5
dxc5 22. Rb1 Bg4 23. Nd2 Bd7 24. Qb2 Bc8 25. Ra1 Bd7 26. Nc3 Bd6 27. Bc2 Bc8
28. Nb5 Kg7 29. Nb1 Kg8 30. N1c3 Kf8 31. Ra3 Bd7 32. Na4 Qd8 33. Nbc3 Nh5 34.
Nb6 Nf4 35. Nxd7+ Qxd7 36. Ba4 Qg4 37. f3 Qh4 38. g3 Nh3+ 39. Kg2 Nf4+ 40. gxf4
Ra8 41. Ne2 exf4 42. Bd1 Rxa3 43. Qxa3 Qe1 44. Qd3 Be7 45. Nxf4 1-0

[Event "4th Int. Chess Festival ad Gredine Open "]
[Site "Ortisei - St. Ulrich"]
[Date "2018.06.16"]
[Round "1"]
[White "Pojer, Romeo"]
[Black "Vaishali, R."]
[Result "0-1"]
[WhiteElo "2070"]
[BlackElo "2310"]
[PlyCount "68"]
[EventDate "2018.06.16"]

1. e4 e5 2. Nf3 Nc6 3. Bc4 Nf6 4. d3 Bc5 5. Nc3 h6 6. Be3 Bb6 7. Qd2 d6 8.
O-O-O Be6 9. Rhe1 Ba5 10. Bxe6 fxe6 11. Qe2 Bxc3 12. bxc3 O-O 13. Rg1 d5 14.
Bc5 Rf7 15. g4 Nd7 16. Be3 Qf8 17. Rg3 d4 18. cxd4 Qa3+ 19. Kb1 Nb6 20. Bc1
Qb4+ 21. Ka1 Rxf3 22. c3 Qxc3+ 23. Bb2 Nxd4 24. Qxf3 Qb4 25. Bxd4 Qxd4+ 26. Kb1
Na4 27. Rd2 Qb4+ 28. Kc1 Qa3+ 29. Kd1 Nc3+ 30. Kc2 Rd8 31. g5 Rd6 32. d4 Qxa2+
33. Kxc3 Rc6+ 34. Kd3 Qa6+ 0-1

[Event "4th Int. Chess Festival ad Gredine Open "]
[Site "Ortisei - St. Ulrich"]
[Date "2018.06.16"]
[Round "1"]
[White "Sarkar, Justin"]
[Black "Neumann, Han H.W.M"]
[Result "1-0"]
[WhiteElo "2297"]
[BlackElo "2055"]
[PlyCount "49"]
[EventDate "2018.06.16"]

1. e4 c5 2. Nf3 g6 3. d4 cxd4 4. Nxd4 Nf6 5. Nc3 Nc6 6. Nxc6 bxc6 7. e5 Ng8 8.
Bc4 Bg7 9. Qf3 f6 10. O-O f5 11. Bf4 e6 12. Rad1 Qc7 13. Qe3 Ne7 14. Rfe1 Qb6
15. Qc1 O-O 16. Bb3 Nd5 17. Nxd5 cxd5 18. Rxd5 exd5 19. Bxd5+ Kh8 20. Bxa8 Bb7
21. Bxb7 Qxb7 22. Bh6 Bxh6 23. Qxh6 Re8 24. b3 Kg8 25. Qd2 1-0

[Event "4th Int. Chess Festival ad Gredine Open "]
[Site "Ortisei - St. Ulrich"]
[Date "2018.06.16"]
[Round "1"]
[White "Kraemer, Max"]
[Black "Kumar, Nikhil"]
[Result "0-1"]
[WhiteElo "2044"]
[BlackElo "2286"]
[PlyCount "90"]
[EventDate "2018.06.16"]

1. Nf3 Nf6 2. d4 e6 3. Bf4 b6 4. e3 Bb7 5. Nbd2 d5 6. Bd3 Bd6 7. Ne5 c5 8. Bb5+
Kf8 9. Nd7+ Nbxd7 10. Bxd6+ Kg8 11. c3 Rc8 12. O-O Nf8 13. Bg3 h5 14. h4 Ng6
15. Nf3 Ne4 16. Bd3 Nxg3 17. fxg3 f5 18. Ng5 Nf8 19. Qf3 Qe7 20. Rf2 g6 21. Qf4
Nd7 22. Nf3 Qf6 23. Qd6 Nf8 24. Ng5 Rd8 25. Qc7 Rd7 26. Qf4 Kg7 27. Bb5 Re7 28.
Qd6 a6 29. Ba4 b5 30. Bc2 Nd7 31. a4 Rc8 32. axb5 axb5 33. Ra7 Rc6 34. Qf4 e5
35. Qf3 Nb6 36. Bb3 cxd4 37. exd4 exd4 38. Bxd5 Nxd5 39. Qxd5 dxc3 40. bxc3
Qxc3 41. Qxb5 Qe1+ 42. Kh2 Rc1 43. Qb2+ Kg8 44. Qb3+ Kf8 45. Nh7+ Kg7 0-1

[Event "4th Int. Chess Festival ad Gredine Open "]
[Site "Ortisei - St. Ulrich"]
[Date "2018.06.16"]
[Round "1"]
[White "Ruecker, Benjamin"]
[Black "Bianco, Valerio"]
[Result "1-0"]
[WhiteElo "2281"]
[BlackElo "2038"]
[PlyCount "88"]
[EventDate "2018.06.16"]

1. Nf3 Nc6 2. d4 d5 3. g3 Bf5 4. Bg2 Qd7 5. c3 Bh3 6. O-O Bxg2 7. Kxg2 O-O-O 8.
Nbd2 f6 9. b4 e5 10. b5 Nce7 11. dxe5 Ng6 12. e6 Qxb5 13. Rb1 Qa6 14. Qb3 Bc5
15. e4 N8e7 16. exd5 Nxd5 17. Ne4 Be7 18. c4 Nb4 19. c5 Nc6 20. Be3 Nge5 21.
Nxe5 Nxe5 22. Qb5 Qxb5 23. Rxb5 a6 24. Rb3 Rd3 25. Rxd3 Nxd3 26. g4 g6 27. f4
f5 28. gxf5 gxf5 29. Ng3 Rf8 30. Rd1 Nxc5 31. Bxc5 Bxc5 32. Rd5 Bd6 33. Nxf5
Bxf4 34. Ne7+ Kb8 35. Nf5 Re8 36. Ng7 Rg8 37. Kf3 Rxg7 38. Rd8+ Ka7 39. Kxf4 c5
40. Ke5 Rg1 41. e7 Re1+ 42. Kd6 Kb6 43. e8=Q Rxe8 44. Rxe8 Kb5 1-0

[Event "4th Int. Chess Festival ad Gredine Open "]
[Site "Ortisei - St. Ulrich"]
[Date "2018.06.16"]
[Round "1"]
[White "De Vita, Gianni"]
[Black "Fischer, Daniel"]
[Result "0-1"]
[WhiteElo "2036"]
[BlackElo "2263"]
[PlyCount "68"]
[EventDate "2018.06.16"]

1. e4 e5 2. Nf3 Nc6 3. Bb5 a6 4. Ba4 Nf6 5. O-O b5 6. Bb3 Bc5 7. d3 d6 8. h3 h6
9. a4 Rb8 10. axb5 axb5 11. Nc3 g5 12. g4 Be6 13. Nd5 Bxd5 14. Bxd5 Nxd5 15.
exd5 Nd4 16. Nxd4 Bxd4 17. c3 Bb6 18. Be3 O-O 19. Ra6 Qc8 20. Qa1 Bxe3 21. fxe3
f5 22. gxf5 Rxf5 23. Rxf5 Qxf5 24. Qf1 Qg6 25. Ra7 Rf8 26. Qe2 Qf5 27. Kg2 e4
28. d4 h5 29. Rxc7 g4 30. hxg4 hxg4 31. Kg3 Qf3+ 32. Qxf3 exf3 33. Re7 f2 34.
Re4 Rf3+ 0-1

[Event "4th Int. Chess Festival ad Gredine Open "]
[Site "Ortisei - St. Ulrich"]
[Date "2018.06.16"]
[Round "1"]
[White "Thiel, Thomas"]
[Black "Sergeeva, Natalia"]
[Result "1-0"]
[WhiteElo "2261"]
[BlackElo "2011"]
[PlyCount "89"]
[EventDate "2018.06.16"]

1. d4 Nf6 2. Bf4 d5 3. e3 c5 4. c3 Bf5 5. Qb3 Qc8 6. Nd2 Nc6 7. Ngf3 e6 8. Nh4
Bg6 9. Nxg6 hxg6 10. h3 a6 11. a4 Be7 12. Be2 O-O 13. g4 b5 14. h4 cxd4 15.
exd4 b4 16. h5 bxc3 17. bxc3 Nd7 18. hxg6 fxg6 19. Bg3 Bg5 20. Qb1 Ne7 21. Qd3
Qc6 22. Nf3 Bf4 23. Bxf4 Rxf4 24. Ng5 Rc8 25. Rc1 e5 26. Qxa6 exd4 27. Qxc6
Nxc6 28. cxd4 Nb6 29. Rh3 Nxa4 30. Bb5 Rxg4 31. Rxc6 Rg1+ 32. Ke2 Rxc6 33. Bxc6
Nb6 34. Rg3 Ra1 35. Rb3 Nc4 36. Kd3 Kf8 37. Bxd5 Nd6 38. Be4 Rg1 39. Nf3 Rg4
40. Bd5 Rg2 41. Ke2 Ke7 42. Re3+ Kd8 43. Ne5 Rg1 44. Nf7+ Nxf7 45. Bxf7 1-0

[Event "4th Int. Chess Festival ad Gredine Open "]
[Site "Ortisei - St. Ulrich"]
[Date "2018.06.16"]
[Round "1"]
[White "Fehr, Axel"]
[Black "Dittmar, Peter"]
[Result "0-1"]
[WhiteElo "2008"]
[BlackElo "2252"]
[PlyCount "90"]
[EventDate "2018.06.16"]

1. e4 c6 2. d4 d5 3. e5 c5 4. dxc5 e6 5. Nf3 Bxc5 6. Bd3 Nc6 7. O-O f6 8. Qe2
fxe5 9. Nxe5 Nxe5 10. Qxe5 Nf6 11. Bb5+ Kf7 12. Bf4 Rf8 13. Bd3 Kg8 14. h3 Qb6
15. Nd2 Bd4 16. Qe2 Bd7 17. Be5 Bxe5 18. Qxe5 Rae8 19. a4 Qb4 20. Nf3 a5 21.
Ra3 Bc6 22. Rb3 Qe7 23. Nd4 Nd7 24. Qc7 Nc5 25. Qxe7 Rxe7 26. Nxc6 bxc6 27. Rc3
Nxa4 28. Rxc6 Nxb2 29. Ra6 a4 30. Bb5 Rc8 31. Bxa4 Nxa4 32. Rxa4 Rxc2 33. Re1
e5 34. Ra5 Rd2 35. Kf1 Rc7 36. Ra3 e4 37. f3 exf3 38. Rxf3 g6 39. Ra1 Kg7 40.
Rf2 Rxf2+ 41. Kxf2 Kf6 42. Ra8 Ke5 43. Re8+ Kd4 44. Re1 Rf7+ 45. Kg3 Kc3 0-1

[Event "4th Int. Chess Festival ad Gredine Open "]
[Site "Ortisei - St. Ulrich"]
[Date "2018.06.17"]
[Round "2"]
[White "Vaishali, R."]
[Black "Saric, Ivan"]
[Result "1/2-1/2"]
[WhiteElo "2310"]
[BlackElo "2685"]
[PlyCount "137"]
[EventDate "2018.06.16"]

1. c4 e5 2. Nc3 Bb4 3. Nd5 Bc5 4. b4 Bd4 5. Rb1 c6 6. e3 Bb6 7. Nxb6 axb6 8. d4
e4 9. Ne2 d5 10. cxd5 cxd5 11. b5 Nf6 12. a4 O-O 13. Ba3 Re8 14. Nc3 Nbd7 15.
g4 h6 16. h4 Nf8 17. Be2 Ng6 18. Kd2 Be6 19. g5 hxg5 20. hxg5 Nd7 21. Qg1 Ndf8
22. Rh5 Qb8 23. Bd1 Rc8 24. Qh2 Qxh2 25. Rxh2 Nh7 26. Rh5 Rd8 27. f4 exf3 28.
Bxf3 f6 29. gxf6 Nxf6 30. Rg5 Nh4 31. Be2 Kf7 32. Rf1 g6 33. Bd1 Rac8 34. Re5
Nf5 35. Bb3 Rd7 36. e4 Nxd4 37. Bxd5 Kg7 38. Kd3 Bxd5 39. Nxd5 Nxd5 40. exd5
Nf5 41. Bb2 Kf7 42. Rh1 Rcd8 43. Rh7+ Kg8 44. Rxd7 Rxd7 45. Bd4 Rd6 46. Bf2 Kf7
47. Ke4 Rf6 48. Kd3 Rd6 49. Ke4 Nh6 50. Bh4 Rd7 51. Bg5 Nf5 52. Re6 Ne7 53.
Rf6+ Ke8 54. d6 Nf5 55. Ke5 Rg7 56. Kd5 Rg8 57. Bf4 Rg7 58. Be5 Rd7 59. Bc3 Rh7
60. Rxg6 Kd7 61. Be5 Rh4 62. Bg3 Rh5 63. Be5 Rh4 64. Bg3 Ne3+ 65. Ke5 Nc4+ 66.
Kf5 Ne3+ 67. Ke5 Nc4+ 68. Kf5 Ne3+ 69. Ke5 1/2-1/2

[Event "4th Int. Chess Festival ad Gredine Open "]
[Site "Ortisei - St. Ulrich"]
[Date "2018.06.17"]
[Round "2"]
[White "Vocaturo, Daniele"]
[Black "Sarkar, Justin"]
[Result "1-0"]
[WhiteElo "2608"]
[BlackElo "2297"]
[PlyCount "165"]
[EventDate "2018.06.16"]

1. e4 e5 2. Nf3 Nc6 3. Bc4 g6 4. d4 exd4 5. c3 d3 6. O-O d6 7. Bg5 Be7 8. Bf4
Nf6 9. Qxd3 O-O 10. Nbd2 Nh5 11. Bh6 Re8 12. Rad1 Bf6 13. Qc2 Qe7 14. Be3 Ne5
15. Nxe5 dxe5 16. b4 Be6 17. Bc5 Qd7 18. Be3 a5 19. Nb3 Qa4 20. Bxe6 fxe6 21.
a3 axb4 22. axb4 Nf4 23. Rd2 Red8 24. Rfd1 Rxd2 25. Rxd2 b6 26. h4 Nh5 27. g3
Ng7 28. Rd1 Qa2 29. Qxa2 Rxa2 30. c4 Ra4 31. Bd2 Be7 32. Bc3 Ra3 33. Rb1 Ne8
34. c5 bxc5 35. bxc5 Bxc5 36. Bxe5 Bd6 37. Bd4 e5 38. Be3 Nf6 39. Nd2 Ra4 40.
f3 Nd7 41. Rc1 Kf7 42. Kf2 Ke6 43. Rc2 Ra6 44. Ke2 Nb8 45. Nb3 Nc6 46. f4 Ra3
47. Nc5+ Bxc5 48. Rxc5 Kd6 49. Rd5+ Ke6 50. g4 exf4 51. Bxf4 Ra2+ 52. Ke3 Ra3+
53. Kd2 Ra2+ 54. Kc3 Ra3+ 55. Kb2 Ra4 56. Bxc7 Rxe4 57. Rd6+ Ke7 58. Rxc6 Rxg4
59. h5 gxh5 60. Rh6 h4 61. Kc3 Kf7 62. Be5 Ra4 63. Kd3 h3 64. Bd4 Ra2 65. Rxh3
h5 66. Ke4 h4 67. Kf5 Ra5+ 68. Be5 Ra2 69. Rxh4 Rf2+ 70. Bf4 Ke7 71. Rh7+ Kd8
72. Ke5 Kc8 73. Ke4 Rb2 74. Rc7+ Kd8 75. Kf5 Rb1 76. Rh7 Kc8 77. Ke6 Rb6+ 78.
Bd6 Rc6 79. Kd5 Rc1 80. Bc5 Kd8 81. Kc6 Ke8 82. Re7+ Kd8 83. Re2 1-0